| 000 | 00825nam a2200217 a 4500 | ||
|---|---|---|---|
| 003 | 0 | ||
| 005 | 20250530094119.0 | ||
| 008 | 021125s19uu xx 00 eng d | ||
| 050 |
_aPGS TD 172 _b.G216 2000 |
||
| 100 | _aGarciano, Faye Bondoc. | ||
| 245 |
_aAwareness of high school students of Southville International School on environmental pollution / _cFaye Bondoc Garciano. |
||
| 260 |
_aLas PiƱas City, Philippines : _bSouthville International School and Colleges, _c2000. |
||
| 300 |
_a38 pages : _billustrations ; _c28 cm. |
||
| 504 | _aIncludes bibliographical references. | ||
| 650 | _aEnvironmental education. | ||
| 650 |
_aEnvironmental protection _vPublic opinion. |
||
| 650 | _aPollution. | ||
| 650 |
_aEnvironmental awareness _vYouth. |
||
| 650 |
_aStudents _vEnvironmental knowledge. |
||
| 942 |
_2lcc _cPASS |
||
| 999 |
_c96373 _d96373 |
||